000 00650nam a2200217Ia 4500
005 20250508164544.0
008 008 250505s9999 xx 000 0 eng d
037 _aTextual
040 _aFEDL
_beng
_cFEDL
041 _aeng
_2eng
084 _a370.78, MCL
_qFEDL
100 _aMcLean James E
245 0 _aImproving education through action research : A guide for administrators and teachers
260 _aThousand Oaks, Calfornia
_bCorwin Press
_c1995
300 _axii,72p.
365 _aUSD
_b11.95
546 _aMACESE
650 _aSchool improvement
_9776202
942 _cTEXL
_h370.78, MCL
999 _c1389766
_d1389766